[Event "ISR-chT 2018"]
[Site "Israel"]
[Date "2018.02.23"]
[Round "9"]
[White "Liss, Eran"]
[Black "Hochman, Elnatan"]
[Result "1-0"]
[WhiteElo "2437"]
[BlackElo "2072"]
[Annotator "TA"]
[PlyCount "80"]
[EventDate "2018.??.??"]
[EventType "team-tourn"]
[EventCountry "ISR"]
[SourceTitle "playchess.com"]
[Source "ChessBase"]
[SourceQuality "1"]

{[%evp 23,80,40,58,24,23,16,58,53,56,33,54,32,55,50,58,62,54,64,110,106,102,75,61,37,53,35,63,31,36,4,25,16,18,0,0,0,0,0,0,0,18,18,64,-9,235,239,234,33,425,96,504,504,495,495,587,583,29997,29998,29998]} 1. e4 c5 2. Nf3 Nc6 3. d4 cxd4 4. Nxd4 e5 5. Nb5 d6 6. c4 Be7 7. N1c3 a6 8. Na3 Be6 9. Bd3 Bg5 10. O-O Bxc1 11. Rxc1 Nf6 {B32: Sicilian: Löwenthal and Kalashnikov Variations} 12. Qd2 (12. Nc2 O-O 13. Qd2 Qb6 14. Rfd1 Rac8 15. b3 Qa7 16. h3 h6 17. Qe1 Rfd8 18. Bf1 Ne7 19. Ne3 Nc6 20. Nc2 Ne7 21. Ne3 Nc6 22. Nc2 {½-½ (22) Mastrovasilis,D (2584)-Moiseenko,A (2673) Aix les Bains 2011}) 12... O-O {LiveBook: 4 Games} 13. b3 $146 ({Find the theoretical novelty and annotate with similar games:} 13. Nc2 Rc8 14. Rfd1 Rc7 15. Be2 Rd7 16. b4 Ne7 17. a3 Qb8 18. Ne3 Rc8 19. Qb2 Qa7 20. Bd3 Ng4 21. Nxg4 Bxg4 {1-0 (30) Nemeth,M (2467)-Le Corre,B (2301) Germany 2014}) 13... Nh5 {White has an edge.} 14. Ne2 Ne7 15. f3 Ng6 16. Rf2 Kh8 17. Kh1 Qb6 18. Nc3 Nhf4 19. Bf1 Rac8 20. Nc2 f5 21. g3 Nh5 22. Bh3 {Threatens to win with exf5.} Ne7 23. Rcf1 Nf6 24. Ne3 {[%cal Re4f5]} g6 25. Bg2 Qc5 26. a4 Nc6 27. f4 {Hoping for exf5.} Nd4 28. fxe5 dxe5 29. exf5 gxf5 30. Bxb7 Rcd8 31. Qe1 $36 {[%mdl 2048] White has good play.} Nxb3 32. Bd5 Bxd5+ 33. cxd5 (33. Nexd5 $14 Nxd5 34. cxd5 Rxd5 35. Nxd5 Qxd5+ 36. Kg1) 33... Ne4 $2 (33... Rc8 $11 {and Black is okay.} 34. Rxf5 Qxc3 35. Qxc3 Rxc3) 34. Nxe4 $18 fxe4 35. Nf5 $2 ({White should try} 35. Qe2 $18 Nd4 36. Qxa6) 35... Rxd5 $2 {[%mdl 8192] [#]} (35... Qxd5 $14 36. Ne3 Qc5) 36. Qxe4 $2 (36. Nd4 $1 $18 Rxf2 37. Qxf2) 36... Nd2 $2 {[%mdl 8192]} (36... Rdd8 $16) 37. Qg4 {[%csl Gf5][%cal Rg4g7]} Rg8 {[#]} 38. Qh4 $1 {[%mdl 512] Intending Qf6+ and mate.} Qc6 39. Ne7 $1 {[%csl LRc6,LRd5,LRg8]} Qb7 {...Rd4+ is the strong threat.} 40. Qf6+ Rg7 {Precision: White = 27%, Black = 24%.} 1-0

[Event "ISR-chT 2018"]
[Site "Israel"]
[Date "2018.02.23"]
[Round "9"]
[White "Gorodetzky, David"]
[Black "Rodshtein, Maxim"]
[Result "1/2-1/2"]
[WhiteElo "2418"]
[BlackElo "2689"]
[Annotator "TA"]
[PlyCount "66"]
[EventDate "2018.??.??"]
[EventType "team-tourn"]
[EventCountry "ISR"]
[SourceTitle "playchess.com"]
[Source "ChessBase"]
[SourceQuality "1"]

{[%evp 20,66,0,-21,0,-18,-20,-44,-37,-28,-27,-31,26,34,101,95,130,123,133,126,126,94,127,89,112,84,107,35,33,37,30,38,40,54,51,0,0,0,0,0,0,0,0,0,0,0,0,0,0]} 1. b3 d5 2. Bb2 Bf5 3. Nf3 e6 4. g3 Nf6 5. Bg2 h6 6. O-O Be7 7. c4 c6 8. d3 O-O 9. Nbd2 Bh7 10. Rc1 {A12: English Opening: 1...c6 with b3 by White} (10. a3 a5 11. Ra2 b5 12. Qa1 Nbd7 13. Rc1 Qb6 14. cxb5 cxb5 15. Bd4 Qb7 16. Rac2 Rfc8 17. Ne5 Nxe5 18. Bxe5 Rxc2 19. Rxc2 {0-1 (51) Carlsen,M (2857)-Grischuk,A (2754) chess.com INT 2016}) 10... a5 11. a3 {LiveBook: 50 Games} Qb6 12. Rc2 Rd8 $146 ({Find the theoretical novelty and annotate with similar games:} 12... Nbd7 13. Qa1 Rfc8 14. Ne5 Nxe5 15. Bxe5 Qd8 16. Nf3 b5 17. cxb5 cxb5 18. Rfc1 Rxc2 19. Rxc2 Rc8 20. Rxc8 Qxc8 21. a4 {0-1 (78) Saez,F (2260)-Volkov,S (2637) Linares 2017}) 13. Qa1 c5 14. cxd5 exd5 15. Rcc1 d4 (15... a4 $15) 16. Nc4 $11 Qa6 {[#]} (16... Qc7 $14) 17. b4 $1 $16 cxb4 18. Nxd4 Nbd7 {[%cal Bb8d7,Bd7c5,Bc5d3][%mdl 32]} 19. axb4 Bxb4 20. Rb1 Rac8 21. Rfc1 Nc5 22. Qa2 Re8 23. Ba3 ({Better is} 23. Ne3 $16) 23... Nxd3 $1 $14 24. exd3 Bxd3 25. Ne3 {And now Rxc8 would win.} Bxb1 26. Rxb1 Ne4 27. Bxb4 ({White should play} 27. Bxe4 $14 Rxe4 28. Bxb4) 27... axb4 $11 {The position is equal.} 28. Qxa6 bxa6 29. Bxe4 Rxe4 30. Rxb4 a5 31. Ra4 Rc3 32. Kg2 Kh7 33. h4 Rd3 {Precision: White = 62%, Black = 70%.} 1/2-1/2

[Event "ISR-chT 2018"]
[Site "Israel"]
[Date "2018.02.23"]
[Round "9"]
[White "Haimovich, Tal"]
[Black "Finkel, Alexander"]
[Result "1-0"]
[WhiteElo "2410"]
[BlackElo "2484"]
[Annotator "TA"]
[PlyCount "83"]
[EventDate "2018.??.??"]
[EventType "team-tourn"]
[EventCountry "ISR"]
[SourceTitle "playchess.com"]
[Source "ChessBase"]
[SourceQuality "1"]

{[%evp 9,83,-6,0,2,12,10,-8,-19,0,-31,0,0,0,-21,-31,-50,9,3,37,33,43,-33,-30,-55,-54,-50,-55,-61,-51,-57,-61,-54,-54,-56,-63,-60,-55,-73,-59,-54,-43,-54,-35,-35,-39,-109,-91,-102,-97,-75,-66,-66,-22,-35,-47,-83,-56,-124,-28,-205,-201,-223,0,0,0,-118,12835,12837,5103,12412,5995,5995,5077,5077,4666,4666]} 1. e4 g6 2. d4 Bg7 3. Nc3 c6 4. Nge2 d5 (4... d6 5. Be3 b5 6. Qd2 Bb7 7. h4 h5 8. Nf4 Nd7 9. O-O-O Ngf6 10. f3 Qc7 11. Kb1 a6 12. Nh3 c5 13. Ng5 O-O 14. g4 {0-1 (39) Grischuk,A (2747)-Mamedov,R (2655) Almaty 2016}) 5. Be3 dxe4 6. Nxe4 {B06: Modern Defence} Nd7 7. N2c3 Ngf6 8. Qd2 {The position is equal.} O-O 9. Bh6 Qa5 10. Bxg7 Kxg7 $146 ({Find the theoretical novelty and annotate with similar games:} 10... Nxe4 11. Nxe4 Qxd2+ 12. Nxd2 Kxg7 13. Bc4 {½-½ (46) Vukovic,Z-Borkowski,F (2335) Gdynia 1985}) 11. Be2 Rd8 12. Qg5 Qb6 (12... Qxg5 $15 13. Nxg5 Nb6) 13. O-O-O $11 Nxe4 14. Nxe4 Nf6 15. Nxf6 (15. Qe5 $14) 15... exf6 $15 16. Qc5 Qc7 $1 17. Bf3 Be6 18. g3 Rac8 ({And not} 18... Bxa2 19. b3 $16) 19. Rhe1 b6 20. Qc3 a5 ({Stronger than} 20... Bxa2 21. b3 $16) 21. a3 Rd6 22. Be4 Qd7 23. Rd3 Bd5 24. Bxd5 Rxd5 25. f4 c5 26. dxc5 Rcxc5 27. Red1 ({Better is} 27. Rxd5 $15 Qxd5 28. Qd2) 27... Rxc3 $17 28. Rxd5 Qe7 29. bxc3 Qxa3+ {[%mdl 4096] Endgame KQ-KRR} 30. Kd2 Qb2 31. Re1 a4 {...a3 is the strong threat.} 32. Rd4 Qa2 33. f5 (33. Re7 $15) 33... gxf5 ({Black should try} 33... b5 $17 34. g4 a3) 34. Kd3 $2 (34. Rd8 $1 $11 {and White has nothing to worry.}) 34... b5 $19 35. Kd2 Kg6 $2 (35... a3 $19 {White must now prevent ...h5.} 36. Rd1 Qe6) 36. Re8 $1 $11 {[%cal Re8g8] Rg8+ would kill now.} h6 37. h4 {[#]} (37. Rg8+ $11 {remains equal.} Kh7 38. Rdd8) 37... a3 $2 {[%mdl 8192] [#]} (37... f4 $1 $17 {[%mdl 512]} 38. gxf4 (38. Rxf4 Qd5+) 38... a3) 38. h5+ $1 $18 {[%mdl 512] White is clearly winning.} Kxh5 {[#]} 39. Rg8 $1 {[%csl Gg3][%cal Rd4h4]} f4 40. Rxf4 {[%csl Gg3][%cal Rf4h4]} Qd5+ 41. Ke3 {[%csl Gg3][%cal Rf4h4]} Qc5+ 42. Ke2 {Precision: White = 46%, Black = 56%.} 1-0

[Event "ISR-chT 2018"]
[Site "Israel"]
[Date "2018.02.23"]
[Round "9"]
[White "Drori, Saar"]
[Black "Philosoph, Assi"]
[Result "1-0"]
[WhiteElo "2391"]
[BlackElo "2147"]
[Annotator "TA"]
[PlyCount "99"]
[EventDate "2018.??.??"]
[EventType "team-tourn"]
[EventCountry "ISR"]
[SourceTitle "playchess.com"]
[Source "ChessBase"]
[SourceQuality "1"]

{[%evp 22,99,28,27,27,27,27,28,29,29,27,24,25,25,35,14,12,12,11,8,10,8,20,29,25,27,25,18,19,21,50,25,-2,75,92,83,109,109,109,37,130,122,190,181,169,172,235,209,205,182,252,245,248,229,274,248,303,220,220,215,335,339,596,576,1111,1094,1077,1047,1196,1187,1325,1066,1349,1347,1434,1418,29990,29991,29998,29999]} 1. e4 e5 2. Nf3 Nf6 3. Nxe5 Nxe4 4. Qe2 Qe7 5. Qxe4 d6 6. d4 dxe5 7. dxe5 Nc6 {C42: Petroff Defence: 3 Nxe5 and unusual White 3rd moves} 8. Nc3 Qxe5 9. Qxe5+ Nxe5 10. Nb5 (10. Bf4 Bd6 11. Bg3 Bd7 12. Ne4 O-O-O 13. Nxd6+ cxd6 14. O-O-O Bc6 15. f3 {1-0 (37) Yu,Y (2675)-Ipatov,A (2613) Dubai 2014}) 10... Bb4+ 11. c3 Ba5 12. Bf4 {LiveBook: 3 Games} f6 13. a4 $146 {And now b4 would win.} ({Predecessor:} 13. Bxe5 fxe5 14. Na3 c6 15. O-O-O {½-½ (57) Jovanovic,Z (2556)-Doric,N (2303) Pula 2014}) 13... a6 14. Na3 Be6 15. Bxe5 fxe5 16. Bc4 Bd7 17. Bb3 b5 18. O-O-O O-O-O 19. axb5 axb5 20. Rhe1 Rhe8 21. Rd5 c6 22. Rdxe5 Rxe5 23. Rxe5 Bc7 24. Re7 Bxh2 25. Rxg7 Bf5 {[%cal Rh2f4] [#]} 26. Bc2 Bf4+ 27. Kb1 Rd1+ 28. Ka2 Bxc2 29. Nxc2 $16 {[%mdl 4096] Endgame KRB-KRN} Rd2 30. Ne1 (30. Nd4 $16) 30... Rd1 (30... Bd6 $14) 31. Nf3 Rf1 (31... h5 $16 32. Rf7 Bc7) 32. Rf7 $18 (32. Rxh7 Rxf2 33. Ne1 Bd2 $11) 32... Bd6 33. Nd4 (33. Rxh7 $6 Rxf2 34. Rg7 c5 $11) 33... Rg1 (33... b4 $142 34. cxb4 (34. Rxh7 Rxf2 35. Kb3 Be5 $14) (34. Nxc6 bxc3 35. bxc3 h5 $18) 34... Bxb4 35. Nxc6 Be1 36. Na7+ (36. Rxh7 Rxf2 37. Na7+ Kd8 $16) 36... Kb8) 34. Nxc6 {Black must now prevent Na7+.} Rxg2 35. Na7+ Kb8 (35... Kd8 $142 36. Nxb5 Bc5 37. Rxh7 Rxf2) 36. Nxb5 Bc5 37. Rxh7 Bxf2 38. Kb3 Be3 39. Nd6 Bc5 40. Nc4 Re2 (40... Bf2 {is a better defense.} 41. Kc2 Be1+ 42. Kd3 Kc8 43. Nd6+ Kb8) 41. Ka4 Rg2 $2 {[#]} (41... Bf2 42. Rh2 Kc7) 42. b4 Bf2 43. Na5 Kc8 44. c4 {[%cal Bc3c4,Bc4c5][%mdl 32]} Rg4 45. Kb5 Be1 46. Nc6 Bf2 47. c5 Rg1 48. Na7+ Kb8 49. Kb6 Rg8 50. Nc6+ {Precision: White = 76%, Black = 37%.} 1-0

[Event "ISR-chT 2018"]
[Site "Israel"]
[Date "2018.02.23"]
[Round "9"]
[White "Erenberg, Ariel"]
[Black "Golod, Vitali"]
[Result "1/2-1/2"]
[WhiteElo "2391"]
[BlackElo "2535"]
[Annotator "TA"]
[PlyCount "30"]
[EventDate "2018.??.??"]
[EventType "team-tourn"]
[EventCountry "ISR"]
[SourceTitle "playchess.com"]
[Source "ChessBase"]
[SourceQuality "1"]

{[%evp 17,28,18,25,24,22,29,38,27,32,34,47,19,48]} 1. d4 Nf6 2. c4 e6 3. Nf3 d5 4. Nc3 c6 5. Bg5 h6 6. Bxf6 Qxf6 7. e3 g6 8. Be2 {D43: Semi-Slav: 5 Bg5 h6} Bg7 9. O-O O-O {LiveBook: 36 Games} 10. Ne5 {White has an edge.} (10. e4 dxc4 11. Bxc4 Qd8 12. e5 c5 13. dxc5 Nd7 14. Qe2 Nxc5 15. Rfd1 Qe7 {1-0 (75) Lenic,L (2650)-Giri,A (2762) Heraklio 2017}) 10... Qe7 11. f4 Nd7 12. Qb3 dxc4 13. Nxc4 Rd8 14. Bf3 Nf6 {Find the theoretical novelty and annotate with similar games:} 15. Rfe1 $146 Qc7 {0-1 (42) Erenberg,A (2382)-Huzman,A (2561) Caleta 2018} 1/2-1/2

[Event "ISR-chT 2018"]
[Site "Israel"]
[Date "2018.02.23"]
[Round "9"]
[White "Gindi, Shachar"]
[Black "Mindlin, Alon"]
[Result "1-0"]
[WhiteElo "2381"]
[BlackElo "2452"]
[Annotator "TA"]
[PlyCount "99"]
[EventDate "2018.??.??"]
[EventType "team-tourn"]
[EventCountry "ISR"]
[SourceTitle "playchess.com"]
[Source "ChessBase"]
[SourceQuality "1"]

{[%evp 18,99,11,8,60,62,150,132,207,109,120,108,115,102,107,108,96,101,100,97,135,95,90,50,63,67,48,35,34,0,77,72,61,55,61,65,81,75,82,76,92,98,118,112,220,223,229,222,229,210,206,189,198,185,241,224,272,265,357,355,490,483,473,476,442,331,557,554,559,558,680,661,808,797,797,792,745,738,1023,819,1450,1384,1332,1250]} 1. d4 d5 2. c4 e6 3. Nc3 Be7 4. Nf3 Nf6 5. Bf4 O-O 6. e3 b6 7. Bd3 c5 8. cxd5 Nxd5 9. Nxd5 exd5 10. Ne5 {LiveBook: 9 Games. D37: Queen's Gambit Declined: 5 Bf4} (10. O-O c4 11. Bb1 Nc6 12. b3 Be6 13. bxc4 dxc4 14. Qa4 Qd7 15. Qb5 f5 16. Rc1 Qd5 17. a4 Na5 {0-1 (38) Fedoseev,V (2724)-Friedel,J (2562) chess.com INT 2018}) 10... Be6 ({Black should play} 10... cxd4 $11 11. O-O (11. exd4 Bb4+ 12. Kf1 Ba6 $14) (11. Qh5 g6 $17) 11... dxe3) 11. Qh5 $14 {[%csl Gd3][%cal Rh5h7]} f5 $146 {[#]} (11... g6 $14 12. Nxg6 (12. Qh6 Bf6 $11) 12... fxg6 13. Bxg6 hxg6 14. Qxg6+ Kh8 15. Qxe6 (15. Qh6+ Kg8 $16) 15... Bf6) ({Find the theoretical novelty and annotate with similar games:} 11... g6 12. Nxg6 fxg6 13. Bxg6 Rf7 14. Bxh7+ Rxh7 15. Qg6+ Rg7 16. Qxe6+ Rf7 17. Qg6+ Rg7 {1-0 (53) Plaskett,H (2470)-Hansen,L (2460) Luxembourg 1990}) 12. g4 $1 $16 {[%cal Rg4f5] White is clearly better.} c4 (12... Bf6 $16 {was necessary.}) 13. gxf5 ({White should try} 13. Bc2 $18) 13... Bf7 14. Nxf7 Rxf7 15. Bc2 {Threatens to win with f6!} Nd7 16. O-O Bd6 17. Bg5 Nf6 18. Qf3 Bc7 19. Kh1 Qd7 20. Rg1 Ne4 21. Bxe4 dxe4 22. Qxe4 Re8 23. Qf3 (23. Qg2 {NOTEXT} Qxf5 24. Rac1 Qxf2 25. Rxc4 Bd6 26. Rc6) 23... Qxf5 (23... Rxf5 $11 {remains equal.} 24. Qg2 Qf7) 24. Qxf5 Rxf5 25. Rg2 Kf7 26. Rc1 b5 27. Bh4 Re6 28. Kg1 Ra6 {[#]} 29. a3 $1 Bd6 30. Kf1 b4 (30... Bf8 $16 {was worth a try.}) 31. axb4 $18 ({Don't play} 31. Rxc4 $6 bxa3 32. bxa3 Rxa3) 31... Rc6 32. f4 Rb5 33. Rgc2 Rxb4 34. Be1 Rb3 35. Ke2 Rc7 (35... Be7 $142 36. Rxc4 Rxb2+ 37. Kd3 Rxc4 38. Rxc4 Rxh2) 36. Kf3 Re7 37. Bc3 Rb5 38. e4 {[%cal Be3e4,Be4e5][%mdl 32]} Bb4 39. Bxb4 Rxb4 {[%mdl 4096] Endgame KRR-KRR} 40. e5 Rc7 41. d5 {[%cal Bd4d5,Bd5d6][%mdl 32]} Rc5 $2 (41... g6 42. h4 Rc5) 42. Rd1 {White is clearly winning.} Rb8 43. Ke4 a5 44. d6 a4 45. Rd5 Rcc8 46. Ra5 Rb4 47. Ra7+ Kg6 48. Kd5 Kf5 49. Rf7+ Kg4 50. d7 {Precision: White = 84%, Black = 27%.} 1-0

[Event "ISR-chT 2018"]
[Site "Israel"]
[Date "2018.02.23"]
[Round "9"]
[White "Parkhov, Yair"]
[Black "Postny, Evgeny"]
[Result "0-1"]
[WhiteElo "2380"]
[BlackElo "2591"]
[Annotator "TA"]
[PlyCount "76"]
[EventDate "2018.??.??"]
[EventType "team-tourn"]
[EventCountry "ISR"]
[SourceTitle "playchess.com"]
[Source "ChessBase"]
[SourceQuality "1"]

{[%evp 9,76,7,19,0,-2,-4,4,-20,-20,-25,-12,-12,-15,-14,-10,-18,-9,-18,-6,-29,-32,-35,-22,-40,0,-15,20,16,18,14,42,41,43,37,41,29,44,22,32,31,37,29,35,33,37,14,40,-248,-249,-524,-508,-815,-817,-977,-968,-1016,-937,-1021,-1011,-993,-983,-1036,-1013,-1211,-1196,-1166,-1150,-1868,-1800]} 1. Nf3 d5 2. g3 Nd7 3. Bg2 (3. d4 b5 4. e4 dxe4 5. Ng5 Bb7 6. Bg2 Ngf6 7. Nc3 e6 8. O-O a6 9. Ncxe4 Bd5 10. Re1 h6 11. Nxf6+ Nxf6 {½-½ (20) Ding,L (2774)-Vallejo Pons,F (2705) Palma de Mallorca 2017}) 3... e5 4. d3 Bd6 5. O-O Ne7 6. c4 {A07: Réti Opening: New York and Capablanca Systems} c6 7. cxd5 cxd5 8. e4 $146 {The position is equal.} ({Predecessor:} 8. Nc3 O-O 9. Bg5 f6 10. Bd2 Kh8 {1-0 (26) Mitter,G (2194)-Suppan,H (2067) Austria 2016}) 8... d4 9. Nbd2 O-O 10. Nc4 Bc7 11. a4 Nc6 12. b3 Re8 13. Ba3 a5 14. Nd6 Bxd6 15. Bxd6 Ndb8 {[%cal Bd7b8,Bb8a6,Ba6b4][%mdl 32]} 16. Ba3 Na6 17. Nd2 Nab4 18. Nc4 f6 19. f4 exf4 20. gxf4 Be6 21. Qd2 Rb8 22. Rf3 Kh8 23. Kh1 Rg8 24. Bh3 f5 25. Rg1 b5 26. axb5 Rxb5 27. Bf1 Rb7 28. Rg6 $2 {[%mdl 8192] [#]} (28. Rfg3 $14) 28... fxe4 $19 29. dxe4 $2 (29. Rxe6 exf3 30. Qf2) 29... hxg6 {[%cal Bh7g6,Bg6f5][%mdl 32] Black is clearly winning.} 30. f5 (30. Qg2 $142 Rf8 31. Qxg6) 30... Rf8 {[%cal Bg8f8,Bf8f6,Bf6h6][%mdl 32]} 31. Qg2 gxf5 32. Rh3+ Kg8 33. Qg6 Rf6 34. Qh7+ Kf8 35. e5 Bg8 36. Qh5 Bd5+ 37. Kg1 Rh6 38. Qxf5+ Rf7 {Precision: White = 31%, Black = 60%.} 0-1

[Event "ISR-chT 2018"]
[Site "Israel"]
[Date "2018.02.23"]
[Round "9"]
[White "Zilberman, Yaacov"]
[Black "Sutovsky, Emil"]
[Result "0-1"]
[WhiteElo "2369"]
[BlackElo "2658"]
[Annotator "TA"]
[PlyCount "92"]
[EventDate "2018.??.??"]
[EventType "team-tourn"]
[EventCountry "ISR"]
[SourceTitle "playchess.com"]
[Source "ChessBase"]
[SourceQuality "1"]

{[%evp 16,92,-1,0,0,7,3,9,7,0,10,14,18,0,0,0,0,-16,-10,-83,-87,-108,-108,-104,0,0,0,-94,-100,-117,-71,-76,-43,-64,-65,-133,-54,-165,-168,-223,-218,-213,-213,-238,-240,-144,-106,-112,-87,-109,-11,-85,0,-80,0,0,12,6,21,-10,72,-25,-20,-250,-25,-85,-59,-69,-59,-254,-254,-236,-229,-363,-358,-749,-725,-814,-804]} 1. Nf3 g6 2. d4 Nf6 3. c4 Bg7 4. Nc3 d5 5. e3 O-O 6. Bd2 e6 7. Rc1 Ne4 {D94: Grünfeld: 4 Nf3 Bg7 5 e3} (7... b6 8. Be2 Bb7 9. O-O Nbd7 10. b4 dxc4 11. Bxc4 c5 12. dxc5 bxc5 13. Na4 cxb4 14. Bxb4 Re8 15. Nc5 Nxc5 16. Bxc5 Ne4 17. Qxd8 Rexd8 18. Bd4 Bxd4 19. Nxd4 Nd2 20. Rfe1 e5 21. Nb3 Nxc4 {½-½ (21) Granda Zuniga,J (2646)-Ivanisevic,I (2648) Sitges 2016}) 8. Bd3 Nxd2 9. Qxd2 {LiveBook: 4 Games} dxc4 {The position is equal.} 10. Bxc4 b6 11. O-O Bb7 12. Rfd1 $146 ({Predecessor:} 12. Qe2 a6 13. Rfd1 Nd7 14. d5 exd5 15. Bxd5 {1-0 (56) Schepetkova,M (2283)-Chernyak,V (2135) Moscow 2016}) 12... Bxf3 13. gxf3 Nd7 14. Be2 Qg5+ 15. Kh1 Qh4 16. Bb5 Rad8 17. Qe2 (17. Bxd7 $1 $11 Rxd7 18. Qe2) 17... c5 $17 18. d5 Ne5 {[%cal Bd7e5,Be5g6,Bg6h4][%mdl 32]} 19. Kg2 Qg5+ ({Black should play} 19... g5 $1 $17 20. h3 h5) 20. Kh1 $11 Qh4 (20... Qh5 $11 21. Kg2 Qg5+ 22. Kh1 Qh4) 21. Kg2 $1 $17 g5 $1 22. h3 Rd6 23. Rd2 Ng6 24. dxe6 Rxe6 25. Qc4 (25. Qd1 $15) 25... Bd4 (25... Qh6 $1 $17 {Threatens to win with ...Nh4+.} 26. Qd5 Nh4+ 27. Kf1 Re5) 26. Ne2 ({Better is} 26. Qf1 $1 $15) 26... Qh5 $1 $19 27. Rxd4 (27. Ng1 {might work better.} Nh4+ 28. Kh1 Nxf3 29. Qe2) 27... cxd4 28. Nxd4 Nh4+ 29. Kg3 Rd8 $1 {[%cal Rd8d4] Strongly threatening ...Rxd4!} 30. Bd7 Rf6 {[%cal Rf6f3] And now ...Rxf3+ would win.} 31. Bg4 Qh6 32. Qc7 Qf8 (32... Rfd6 $1 $17 33. Nc6 Rf8 34. Ne7+ Kh8 35. Qc3+ f6) 33. a3 (33. Qe5 $11 Rg6 34. Rc7) 33... Re8 (33... Rd5 $17 {...h5! is the strong threat.} 34. Qc8 Rd8) 34. b4 {[#]} (34. Bd7 $1 $11 Ra8 35. Bc8) 34... a5 (34... h5 $1 $17 {[%mdl 512]} 35. Bd7 (35. Bxh5 Rh6 $17) 35... Rd8) 35. bxa5 $11 bxa5 36. Rc5 h6 37. Rxa5 Rb8 (37... Ra8 $11 38. Rxa8 Qxa8) 38. Rc5 (38. f4 $16 Rg6 39. a4) 38... Rb1 {White must now prevent ...Rg1+.} 39. Qe5 $2 (39. Ne2 $1 $11 {and White has nothing to worry.}) 39... Qd6 $2 ({Black should try} 39... Rg1+ $19 40. Kh2 Rg2+ 41. Kh1 Rb6) 40. Rc8+ (40. Qxd6 $11 {remains equal.} Rxd6 41. Ne2) 40... Kh7 41. Qxd6 Rxd6 42. Kh2 $2 (42. Ne2 $15) 42... Rf1 $1 $19 43. Rc2 Kg6 $1 44. Bc8 {[#]} (44. f4 $142) 44... Rb6 $1 {[%cal Rb6b1]} 45. f4 $2 {[#]} (45. Rc6+ Rxc6 46. Nxc6) 45... Rbb1 $1 {( -> ...Rh1+)} 46. fxg5 hxg5 {Precision: White = 26%, Black = 50%.} 0-1

[Event "ISR-chT 2018"]
[Site "Israel"]
[Date "2018.02.23"]
[Round "9"]
[White "Bitensky, Igor"]
[Black "Poleg, Dan"]
[Result "1/2-1/2"]
[WhiteElo "2361"]
[BlackElo "2278"]
[Annotator "TA"]
[PlyCount "85"]
[EventDate "2018.??.??"]
[EventType "team-tourn"]
[EventCountry "ISR"]
[SourceTitle "playchess.com"]
[Source "ChessBase"]
[SourceQuality "1"]

{[%evp 21,85,-9,-13,-55,-60,-60,-34,-34,-33,-38,-25,-87,-84,-89,-100,-108,-84,-103,-98,-139,-95,-103,-106,-153,-126,-166,-21,-2,-8,-33,-54,-42,0,-4,0,0,0,0,0,0,45,-80,-23,-23,-23,-23,-23,-25,-24,-29,0,0,0,0,0,0,0,0,0,0,0,0,0,0,0,0]} 1. e4 e5 2. Nf3 Nc6 3. Bc4 Bc5 4. O-O Nf6 5. d3 O-O 6. Nbd2 d6 7. c3 Ne7 {C54: Giuoco Piano: 4 c3 Nf6, main lines with 5 d4 and 5 d3} (7... a6 8. Bb3 Ba7 9. h3 Re8 10. Re1 Be6 11. Bc2 h6 12. Nf1 d5 13. exd5 Bxd5 14. Ng3 Qd7 15. Ne4 Nxe4 16. dxe4 Be6 17. Qxd7 Bxd7 18. a4 f6 19. Nd2 Be6 {½-½ (33) Onischuk,V (2637)-Anand,V (2782) Riadh 2017}) 8. d4 exd4 9. cxd4 Bb6 10. Bd3 Bg4 11. h3 Bh5 $1 {LiveBook: 12 Games} 12. g4 $146 ({Find the theoretical novelty and annotate with similar games:} 12. Qb3 Nc6 13. d5 Nb8 14. Re1 Nbd7 15. Qc3 {1-0 (36) Piorun,K (2655)-Swiercz,D (2665) Poznan 2016}) 12... Bg6 13. g5 Nh5 14. Nc4 d5 15. Nxb6 axb6 16. e5 (16. Nh4 $11) 16... Qd7 $36 {[%mdl 2048] White is under strong pressure.} 17. Kh2 Bxd3 18. Qxd3 Ng6 19. Ng1 {Black should prevent Qf3.} Nhf4 20. Qf3 Ne6 21. Ne2 c5 22. Qg4 Qb5 23. Be3 cxd4 ({Black should try} 23... Qxb2 $19 24. Rfb1 Qa3 25. Rxb6 cxd4 26. Bxd4 Ra4) 24. Nxd4 $11 Nxd4 25. Qxd4 Ra4 26. Qxb6 Qe2 {[#] Threatens to win with ...Rh4.} 27. Qb3 Rh4 28. Qxd5 Qh5 29. Qg2 $1 Nxe5 30. f3 f6 31. Bc5 (31. Qg3 $14 {stays ahead.}) 31... Nd3 ({Better is} 31... Rd8 $17 {( -> ...Rd2!)} 32. Be3 f5) 32. Bd6 $1 ({But not} 32. Bxf8 $2 Nf4 $19) 32... fxg5 {[#] aiming for ...Rff4!} 33. Rad1 $1 {[%cal Rd1d3]} ({Don't go for} 33. Bxf8 $2 Nf4 $19) 33... Nf4 34. Bxf4 $1 Rhxf4 35. Qd2 Qf7 (35... h6 {NOTEXT} 36. Qd5+ Kh7 37. Kg2 b5 38. Rde1 R8f5) 36. Qd5 {The position is equal.} Qxd5 37. Rxd5 Rxf3 38. Rxf3 Rxf3 39. Rxg5 {KR-KR} Rf2+ 40. Rg2 Rxg2+ 41. Kxg2 Kf7 42. Kf3 Kf6 43. Kf4 {Precision: White = 53%, Black = 52%.} 1/2-1/2